[Event "Madrid-chT Honor 2223"]
[Site "Madrid"]
[Date "2022.11.27"]
[Round "2.3"]
[White "Hidalgo Duque, Carlos"]
[Black "Martinez Fernandez, Raul"]
[Result "1/2-1/2"]
[WhiteElo "2236"]
[BlackElo "2245"]
[PlyCount "21"]
[EventDate "2022.11.20"]
[EventType "team-tourn"]
[EventRounds "14"]
[EventCountry "ESP"]
[SourceTitle "EXT 2024"]
[Source "ChessBase"]
[SourceDate "2023.10.10"]
[SourceVersion "1"]
[SourceVersionDate "2023.10.10"]
[SourceQuality "1"]
[WhiteTeam "Blanco y Negro"]
[BlackTeam "San Sebastian de los Reyes"]
[WhiteTeamCountry "ESP"]
[BlackTeamCountry "ESP"]

1. Nf3 Nf6 2. c4 e6 3. g3 d5 4. d4 Be7 5. Bg2 0-0 6. 0-0 dxc4 7. Qc2 b5 8. a4 Bb7 9. axb5 a6 10. bxa6 Nxa6 11. Qxc4 1/2-1/2

[Event "Merida World Heritage op 2nd"]
[Site "Merida"]
[Date "2022.08.04"]
[Round "4"]
[White "Martinez Fernandez, Raul"]
[Black "Starostits, Ilmars"]
[Result "0-1"]
[WhiteElo "2187"]
[BlackElo "2396"]
[PlyCount "52"]
[EventDate "2022.08.02"]
[EventType "swiss"]
[EventRounds "9"]
[EventCountry "ESP"]
[SourceTitle "CBM 209 Extra"]
[Source "ChessBase"]
[SourceDate "2022.09.30"]
[SourceVersion "1"]
[SourceVersionDate "2022.09.30"]
[SourceQuality "1"]

1. e4 d6 2. d4 g6 3. Nf3 Bg7 4. Nc3 a6 5. Be3 b5 6. Bd3 Bb7 7. h4 h5 8. e5 e6 9. Ne4 Ne7 10. Bg5 Bxe4 11. Bxe4 d5 12. Bd3 c5 13. c3 c4 14. Bc2 Nbc6 15. g4 Qb6 16. gxh5 Rxh5 17. Nh2 0-0-0 18. Qf3 Rf8 19. Ng4 b4 20. Bf6 Bxf6 21. Nxf6 bxc3 22. Qxc3 Rhh8 23. Rd1 Ng8 24. Ng4 f5 25. exf6 Nxf6 26. Qe3 Nb4 0-1

[Event "Seville op 47th"]
[Site "Seville"]
[Date "2022.07.18"]
[Round "4"]
[White "Martinez Fernandez, Raul"]
[Black "Martin Carmona, Gaston Manuel"]
[Result "0-1"]
[WhiteElo "2165"]
[BlackElo "2302"]
[PlyCount "54"]
[EventDate "2022.07.16"]
[EventType "swiss"]
[EventRounds "9"]
[EventCountry "ESP"]
[SourceTitle "CBM 209 Extra"]
[Source "ChessBase"]
[SourceDate "2022.09.30"]
[SourceVersion "1"]
[SourceVersionDate "2022.09.30"]
[SourceQuality "1"]

1. e4 e5 2. Nf3 Nc6 3. Bb5 a6 4. Bxc6 dxc6 5. Nc3 Bd6 6. d4 exd4 7. Qxd4 f6 8. 0-0 Be6 9. e5 fxe5 10. Nxe5 Nf6 11. Qe3 0-0 12. Nxc6 Bxh2+ 13. Kh1 Qd6 14. Nd4 Rae8 15. Nxe6 Rxe6 16. Qh3 Be5 17. Ne2 Ne4 18. Be3 Qc6 19. c3 Rg6 20. Kg1 Qb5 21. Ng3 Nxg3 22. fxg3 Re8 23. Rad1 Rxg3 24. Qf5 h6 25. Qf7+ Kh7 26. Rd5 Qe2 27. Bf2 Rxg2+ 0-1

[Event "Madrid-ch sf"]
[Site "Madrid"]
[Date "2022.05.11"]
[Round "8"]
[White "Martinez Fernandez, Raul"]
[Black "Horcajuelo Rocamora, Martin"]
[Result "0-1"]
[WhiteElo "2204"]
[BlackElo "2126"]
[PlyCount "118"]
[EventDate "2022.05.04"]
[EventType "swiss"]
[EventRounds "9"]
[EventCountry "ESP"]
[SourceTitle "EXT 2023"]
[Source "ChessBase"]
[SourceDate "2022.10.05"]
[SourceVersion "1"]
[SourceVersionDate "2022.10.05"]
[SourceQuality "1"]

1. e4 c5 2. Nc3 d6 3. g3 Nc6 4. Bg2 g6 5. f4 Bg7 6. Nf3 e6 7. 0-0 Nge7 8. d3 0-0 9. Be3 Nd4 10. Qd2 f5 11. e5 Nec6 12. exd6 Qxd6 13. Rae1 Nb4 14. Rc1 Nbc6 15. Nd1 Bd7 16. c3 Nxf3+ 17. Bxf3 Rad8 18. Nf2 e5 19. Qc2 Kh8 20. Bg2 b6 21. Rfe1 Rfe8 22. Re2 Nd4 23. Bxd4 exd4 24. c4 Rxe2 25. Qxe2 Re8 26. Qd2 Re3 27. Re1 Qe7 28. Kf1 g5 29. Nh3 h6 30. Kf2 Be8 31. fxg5 hxg5 32. Ng1 f4 33. Be4 Bh6 34. g4 Bg7 35. Nf3 Bf6 36. Rh1 Bf7 37. b3 Kg7 38. h4 gxh4 39. g5 Bxg5 40. Rg1 Rxf3+ 41. Bxf3 Qe3+ 42. Qxe3 dxe3+ 43. Ke2 Kf6 44. d4 cxd4 45. Kd3 h3 46. Bg4 Bh4 47. Rh1 Bf2 48. Rxh3 Bg6+ 49. Ke2 d3+ 50. Kd1 Kg5 51. Bf3 Be4 52. Rh5+ Kg6 53. Bxe4+ Kxh5 54. Bxd3 f3 55. b4 Kg4 56. a4 Kg3 57. c5 bxc5 58. b5 Kg2 59. a5 Bg3 0-1

[Event "Madrid-chT Honor 2122"]
[Site "Madrid"]
[Date "2022.03.12"]
[Round "13.2"]
[White "Martinez Fernandez, Raul"]
[Black "Taboas Rodriguez, Daniel"]
[Result "1-0"]
[WhiteElo "2229"]
[BlackElo "2367"]
[PlyCount "77"]
[EventDate "2021.11.27"]
[EventType "team-tourn"]
[EventRounds "14"]
[EventCountry "ESP"]
[SourceTitle "EXT 2024"]
[Source "ChessBase"]
[SourceDate "2023.10.10"]
[SourceVersion "1"]
[SourceVersionDate "2023.10.10"]
[SourceQuality "1"]
[WhiteTeam "San Sebastian de los Reyes"]
[BlackTeam "Blanco y Negro"]
[WhiteTeamCountry "ESP"]
[BlackTeamCountry "ESP"]

1. e4 e6 2. d4 d5 3. Nc3 Nc6 4. e5 f6 5. Nf3 fxe5 6. dxe5 Nh6 7. Bb5 Bd7 8. 0-0 Nf5 9. Ng5 Be7 10. Nxd5 Bxg5 11. Bxg5 Qxg5 12. Nxc7+ Ke7 13. f4 Qg6 14. Nxa8 Rxa8 15. Qd3 a6 16. Qa3+ Ke8 17. Rad1 Rc8 18. Bd3 Ncd4 19. Be4 Ne2+ 20. Kf2 Nxf4 21. Qf3 Qg5 22. Kg1 Ng6 23. Bxf5 exf5 24. Rxd7 Rxc2 25. Rxg7 Kf8 26. Qxb7 Rxg2+ 27. Qxg2 Qxg2+ 28. Kxg2 Kxg7 29. Re1 Kf7 30. e6+ Ke7 31. Kg3 Kf6 32. b4 Ne7 33. a4 Nd5 34. b5 a5 35. e7 Nxe7 36. b6 Nc6 37. b7 Kf7 38. Rc1 Nb8 39. Rc8 1-0

[Event "Madrid-chT Honor 2122"]
[Site "Madrid"]
[Date "2022.02.26"]
[Round "11.3"]
[White "Barraza Caracuel, Ignacio"]
[Black "Martinez Fernandez, Raul"]
[Result "0-1"]
[WhiteElo "2111"]
[BlackElo "2229"]
[PlyCount "114"]
[EventDate "2021.11.27"]
[EventType "team-tourn"]
[EventRounds "14"]
[EventCountry "ESP"]
[SourceTitle "EXT 2024"]
[Source "ChessBase"]
[SourceDate "2023.10.10"]
[SourceVersion "1"]
[SourceVersionDate "2023.10.10"]
[SourceQuality "1"]
[WhiteTeam "La Didactica"]
[BlackTeam "San Sebastian de los Reyes"]
[WhiteTeamCountry "ESP"]
[BlackTeamCountry "ESP"]

1. Nf3 d5 2. g3 Bg4 3. Ne5 Bf5 4. d4 f6 5. Nd3 Nc6 6. c3 e5 7. Be3 e4 8. Nc5 b6 9. Nb3 h5 10. h3 Qd7 11. a4 a5 12. Na3 Be6 13. Nb5 Nge7 14. Bf4 Rc8 15. Bg2 Nf5 16. h4 e3 17. fxe3 g5 18. hxg5 fxg5 19. Bxg5 Nxg3 20. Kd2 Nxh1 21. Qxh1 Ne7 22. Bf4 Nf5 23. Qh2 Nd6 24. Nxd6+ Bxd6 25. Bf3 h4 26. Nc1 Bxf4 27. Qxf4 Qf7 28. Qe5 Kd7 29. Nd3 Qf5 30. Bxd5 Qxe5 31. Nxe5+ Kd6 32. Bf3 h3 33. Ke1 Rcg8 34. Kf2 Rg7 35. c4 c5 36. b3 Rh4 37. Rd1 h2 38. Nc6 Rf7 39. Rh1 Bf5 40. Ne5 Rg7 41. Nd3 cxd4 42. exd4 Bxd3 43. exd3 Rg1 44. Rxg1 hxg1Q+ 45. Kxg1 Rxd4 46. Be4 Kc5 47. Kf2 Kb4 48. Ke3 Kc3 49. Bf5 Rd8 50. Bg6 Kxb3 51. Bf7 Kc3 52. Bd5 Re8+ 53. Be4 Re7 54. Kf4 Kd4 55. Kf5 Re5+ 56. Kf4 Rh5 57. Kg4 Rh2 0-1